| 000 | 00542nam a2200193 a 4500 | ||
|---|---|---|---|
| 001 | 2519 | ||
| 003 | CDMR | ||
| 005 | 20151026104202.0 | ||
| 008 | 130130s1991||||||||||||||||||||||||||||d | ||
| 020 | _a2110025417 | ||
| 040 |
_aCDMR _bcat _cCDMR |
||
| 100 | 1 |
_aBaudelot, Philippe _91889 |
|
| 245 | 1 | 4 |
_aLes agences de presse en France _cPhilippe Baudelot |
| 260 |
_aParís _c1991 _bLa Documentation Française |
||
| 300 |
_a106 p ; _c24 cm |
||
| 650 | 0 | 4 |
_93752 _aPremsa _zFrança |
| 650 | 0 | 4 |
_91890 _aAgències de notícies _zFrança |
| 942 |
_cMON _2udc |
||
| 999 |
_c2519 _d2519 |
||